Rights of man (Record no. 1956)
[ view plain ]
| 000 -LEADER | |
|---|---|
| fixed length control field | 00612nam a22002297a 4500 |
| 003 - CONTROL NUMBER IDENTIFIER | |
| control field | OSt |
| 005 - DATE AND TIME OF LATEST TRANSACTION | |
| control field | 20151026153356.0 |
| 008 - FIXED-LENGTH DATA ELEMENTS--GENERAL INFORMATION | |
| fixed length control field | 130306t xxu||||| |||| 00| 0 eng d |
| 020 ## - INTERNATIONAL STANDARD BOOK NUMBER | |
| International Standard Book Number | 1853264679 |
| 050 ## - LIBRARY OF CONGRESS CALL NUMBER | |
| Classification number | JC 177 |
| Item number | .P144 1996 |
| 082 ## - DEWEY DECIMAL CLASSIFICATION NUMBER | |
| Classification number | IB 320.51 |
| Item number | P16r 1996 |
| 100 ## - MAIN ENTRY--PERSONAL NAME | |
| Personal name | Paine, Thomas. |
| 245 ## - TITLE STATEMENT | |
| Title | Rights of man |
| Statement of responsibility, etc | Thomas Paine with an introduction by Derek Matravers |
| 260 ## - PUBLICATION, DISTRIBUTION, ETC. (IMPRINT) | |
| Place of publication, distribution, etc | Ware : |
| Name of publisher, distributor, etc | Wordsworth Editions Limited, |
| Date of publication, distribution, etc | c1996. |
| 300 ## - PHYSICAL DESCRIPTION | |
| Extent | xii, 226 p. : |
| Dimensions | 20 cm |
| 650 ## - SUBJECT ADDED ENTRY--TOPICAL TERM | |
| Topical term or geographic name as entry element | English essays |
| 942 ## - ADDED ENTRY ELEMENTS (KOHA) | |
| Source of classification or shelving scheme | Library of Congress Classification |
| Koha item type | Books |
| Withdrawn status | Lost status | Source of classification or shelving scheme | Damaged status | Home library | Current library | Shelving location | Date acquired | Total Checkouts | Full call number | Barcode | Date last seen | Copy number | Price effective from | Koha item type |
|---|---|---|---|---|---|---|---|---|---|---|---|---|---|---|
| Library of Congress Classification | Luxembourg Library | Luxembourg Library | International Baccalaureate Section | 03/06/2013 | JC 177 .P144 1996 | 13783 | 08/13/2013 | 1 | 10/03/2013 | Books | ||||
| Library of Congress Classification | Luxembourg Library | Luxembourg Library | International Baccalaureate Section | 06/18/2013 | JC 177 .P144 1996 | 13784 | 08/13/2013 | 2 | 10/03/2013 | Books | ||||
| Library of Congress Classification | Luxembourg Library | Luxembourg Library | International Baccalaureate Section | 06/18/2013 | JC 177 .P144 1996 | 13785 | 08/13/2013 | 3 | 10/03/2013 | Books | ||||
| Library of Congress Classification | Luxembourg Library | Luxembourg Library | International Baccalaureate Section | 06/20/2013 | JC 177 .P144 1996 | 4552 | 05/27/2015 | 4 | 06/20/2013 | Books |